| 000 | 00707nam a22001817a 4500 | ||
|---|---|---|---|
| 003 | OSt | ||
| 005 | 20150408114110.0 | ||
| 008 | 130124t 2010xxu||||g |||| 00| 0 ara d | ||
| 040 | _aMa-un | ||
| 082 |
_221 _a658.81 _bب ج ب |
||
| 100 |
_aبلاكورد، جيمس _919685 |
||
| 245 |
_a البضاعة الراكدة في الشركات التجارية : _b أسباب وطرق التخلص منها / _c تأليف جيمس بلاكورد ؛ _h تعريب موسى يوسف. |
||
| 250 | _aط. 1. | ||
| 260 |
_a عمان، الأردن : _b دار زهران للنشر والتوزيع، _c2010 |
||
| 300 |
_a 419 ص. ؛ _c24 سم. |
||
| 650 |
_aإدارة المبيعات _912321 |
||
| 942 |
_2ddc _cDVD |
||
| 999 |
_c26969 _d261469 |
||